[Event "AUTO-ADV-360"]
[Site "http://www.queenalice.com/game.php?id=246627"]
[Date "2007.7.27"]
[Round "2"]
[White "llo_oll"]
[Black "joules"]
[Result "1-0"]
[WhiteElo "2171"]
[BlackElo "2001"]

1. e4 c6 2. Nc3 d5 3. Nf3 Bg4 4. h3 Bxf3 5. Qxf3 dxe4 6. Nxe4 Nd7 7. Ng5 Ngf6 8.
Qb3 e6 9. Qxb7 c5 10. Ne4 Be7 11. Nxf6+ Bxf6 12. Bb5 Qc8 13. Bxd7+ 1-0

[Event "AUTO-ADV-360"]
[Site "http://www.queenalice.com/game.php?id=246630"]
[Date "2007.7.27"]
[Round "2"]
[White "llo_oll"]
[Black "Kisei"]
[Result "0-1"]
[WhiteElo "2148"]
[BlackElo "2280"]

1. d4 Nf6 2. c4 c5 3. d5 e6 4. Nc3 exd5 5. cxd5 d6 6. Nf3 g6 7. e4 Bg7 8. Be2
O-O 9. O-O a6 10. a4 Nbd7 11. Qc2 Re8 12. Bf4 Qe7 13. Rfe1 Nh5 14. Bg5 Ndf6 15.
Bd2 Bd7 16. Qb3 Rab8 17. Bd3 Ng4 18. Bg5 Bf6 19. Bxf6 Nhxf6 20. a5 Ne5 21. Nxe5
Qxe5 22. h3 h6 0-1

[Event "AUTO-ADV-360"]
[Site "http://www.queenalice.com/game.php?id=246631"]
[Date "2007.7.27"]
[Round "2"]
[White "Kisei"]
[Black "llo_oll"]
[Result "1-0"]
[WhiteElo "2288"]
[BlackElo "2140"]

1. e4 e6 2. d4 d5 3. Nc3 Bb4 4. e5 c5 5. a3 Bxc3+ 6. bxc3 Ne7 7. Qg4 O-O 8. Bd3
Nbc6 9. Qh5 Ng6 10. Nf3 Qc7 11. Be3 c4 12. Bxg6 fxg6 13. Qg4 Qf7 14. Ng5 Qe8 15.
O-O h6 16. Nh3 b6 17. Nf4 Ne7 18. Rab1 g5 19. Nh5 Qg6 20. f4 gxf4 21. Qxg6 Nxg6
22. Bxf4 Bb7 23. Rf2 Bc6 24. Rbf1 1-0

[Event "Challenge"]
[Site "http://www.queenalice.com/game.php?id=265764"]
[Date "2007.9.2"]
[Round "-"]
[White "llo_oll"]
[Black "shogun"]
[Result "0-1"]
[WhiteElo "2175"]
[BlackElo "2464"]

1. Nf3 Nc6 2. e4 d5 3. exd5 Qxd5 4. Nc3 Qa5 5. d4 Bg4 6. Bb5 O-O-O 7. Bxc6 bxc6
8. Qe2 Kb7 9. O-O Qf5 10. Qe5 e6 11. Ng5 Bh5 12. Nge4 Bg6 13. Be3 Nf6 14. Bg5
Be7 15. f3 h6 16. Bh4 Rhe8 17. Qxf5 Bxf5 18. Bf2 Rd7 19. Rad1 Red8 20. Rde1 a5
21. a3 Ka6 22. Re2 Rb8 23. Na4 Nxe4 24. fxe4 Bg4 25. Ree1 Bh5 26. c4 Rbd8 27. d5
Kb7 28. Bd4 Rg8 29. Bc5 Bg5 30. dxe6 fxe6 31. Be3 Be7 32. Nc5+ Bxc5 33. Bxc5 a4
34. Be3 Rd3 35. Rf4 Rgd8 36. Rf2 Bg6 37. e5 Bf5 38. h3 Rb3 39. Bc5 g5 40. Rc1
Rdd3 41. Bf8 h5 42. Bc5 g4 43. hxg4 hxg4 0-1

[Event "Challenge"]
[Site "http://www.queenalice.com/game.php?id=265765"]
[Date "2007.9.2"]
[Round "-"]
[White "Kaupauki"]
[Black "llo_oll"]
[Result "1-0"]
[WhiteElo "2426"]
[BlackElo "2152"]

1. e4 c5 2. Nf3 d6 3. d4 cxd4 4. Nxd4 Nf6 5. Nc3 a6 6. Be3 e6 7. f3 b5 8. g4 h6
9. Qd2 Bb7 10. O-O-O Nbd7 11. h4 b4 12. Na4 Qa5 13. b3 Nc5 14. a3 Rc8 15. Qxb4
Qc7 16. Nxc5 dxc5 17. Qa4+ Nd7 18. Ne2 Bd6 19. Bg2 c4 20. b4 Ra8 21. Nd4 O-O 22.
g5 e5 23. Nf5 Bc6 24. Qa5 Qxa5 25. bxa5 Bxa3+ 26. Kd2 Rfd8 27. Kc3 1-0

[Event "Challenge"]
[Site "http://www.queenalice.com/game.php?id=265766"]
[Date "2007.9.2"]
[Round "-"]
[White "llo_oll"]
[Black "Kaupauki"]
[Result "0-1"]
[WhiteElo "2156"]
[BlackElo "2423"]

1. c4 e5 2. Nc3 Nc6 3. Nf3 Nf6 4. g3 d5 5. cxd5 Nxd5 6. Bg2 Nb6 7. O-O Be7 8. a3
O-O 9. d3 Be6 10. b4 Nd5 11. Bb2 f6 12. Na4 Qe8 13. e4 Nb6 14. Nc5 Bxc5 15. bxc5
Nd7 16. Qc2 Qe7 17. Rac1 Rad8 18. Rfe1 Ndb8 19. Re3 Na6 20. Ba1 Rfe8 21. h3 Rd7
22. Ree1 Red8 23. Bf1 Na5 24. Nd2 Nb8 25. f4 exf4 26. gxf4 Nbc6 27. f5 Bf7 0-1

[Event "Challenge"]
[Site "http://www.queenalice.com/game.php?id=265767"]
[Date "2007.9.2"]
[Round "-"]
[White "Carlos75"]
[Black "llo_oll"]
[Result "1-0"]
[WhiteElo "2432"]
[BlackElo "2225"]

1. e4 e6 2. d4 d5 3. e5 c5 4. c3 Nc6 5. Nf3 Bd7 6. Be2 Nge7 7. dxc5 Ng6 8. Be3
Ncxe5 9. Nxe5 Nxe5 10. O-O Qc7 11. b4 Be7 12. f4 Ng6 13. a4 O-O 14. a5 a6 15.
Qd2 Bf6 16. Bd4 e5 17. fxe5 Bxe5 18. Bxe5 Qxe5 19. Na3 Rae8 20. Bf3 Nf4 21. Kh1
Qe3 22. Qxe3 Rxe3 23. g3 Bh3 24. gxf4 Bxf1 25. Rxf1 Rxc3 26. Bxd5 Rxa3 27. Bxb7
Rb8 28. c6 Rc3 29. Rd1 Kf8 30. b5 axb5 31. Re1 Re8 32. Rxe8+ Kxe8 33. a6 Kd8 34.
a7 Ra3 35. a8=Q+ Rxa8 36. Bxa8 Kc7 37. Kg2 b4 38. Bb7 b3 39. Ba6 Kxc6 40. Bc4 b2
41. Ba2 Kc5 42. Kf3 Kd4 43. Bb1 h6 44. h4 g6 45. Kg3 Ke3 46. h5 gxh5 47. f5 h4+
48. Kxh4 Kf4 49. Kh5 Ke5 50. Kxh6 Kf6 51. Kh7 Ke5 52. Kg7 f6 53. Kg6 Kd5 54.
Kxf6 Kd4 55. Kg6 Kc3 56. f6 1-0

[Event "Challenge"]
[Site "http://www.queenalice.com/game.php?id=265768"]
[Date "2007.9.2"]
[Round "-"]
[White "llo_oll"]
[Black "Carlos75"]
[Result "0-1"]
[WhiteElo "2219"]
[BlackElo "2436"]

1. Nf3 Nf6 2. c4 e6 3. d4 d5 4. Nc3 Bb4 5. cxd5 exd5 6. Bg5 Nbd7 7. Qc2 h6 8.
Bh4 c5 9. e3 Qa5 10. Bd3 O-O 11. O-O c4 12. Be2 Bxc3 13. bxc3 Ne4 14. Rac1 Nb6
15. Nd2 Bf5 16. Nxe4 Bxe4 17. Qb2 Qa4 18. Rfe1 Qc6 19. Bg3 Rfe8 20. Qb4 Bf5 21.
Bd1 a6 22. Re2 Nd7 23. Rb2 b6 24. Ba4 b5 25. Bd1 Nb6 26. Bf3 Be4 27. Bh5 Na4 28.
Rd2 Qf6 29. Bg4 Qg6 30. Be2 Re6 31. h4 Kh8 32. Qa5 Nb6 33. Rb2 Rae8 34. Rb4 Nc8
35. a4 Nd6 36. axb5 Nxb5 37. h5 Qg5 38. Bd1 g6 39. hxg6 Qxg6 40. Be2 h5 41. Bf1
Rg8 42. Rb2 h4 43. Be5+ Rxe5 44. f3 Rh5 45. fxe4 h3 46. Re2 Nd6 47. Qc7 Nxe4 48.
Qf4 Qg3 49. Qxg3 Rxg3 50. Rb2 h2+ 51. Kh1 Rg4 52. Rb8+ Kg7 53. Rg8+ Kxg8 54. g3
Rxg3 55. Bh3 Nf2+ 56. Kxh2 Rhxh3# 0-1

[Event "Challenge"]
[Site "http://www.queenalice.com/game.php?id=265955"]
[Date "2007.9.3"]
[Round "-"]
[White "shogun"]
[Black "llo_oll"]
[Result "1-0"]
[WhiteElo "2466"]
[BlackElo "2172"]

1. e4 e5 2. Nf3 Nc6 3. Bb5 Bc5 4. c3 Bb6 5. d4 Nf6 6. O-O O-O 7. Qd3 d5 8. Bxc6
bxc6 9. Nxe5 Nxe4 10. Nd2 Nxd2 11. Bxd2 f6 12. Nf3 Be6 13. Rfe1 Re8 14. Re2 Qd7
15. a4 a5 16. Rae1 c5 17. dxc5 Bxc5 18. b4 Bf8 19. Nd4 Bf7 20. b5 Bg6 21. Qg3
Rxe2 22. Rxe2 Bc5 23. h3 Bh5 24. Re1 Bf7 25. Bf4 Rc8 26. Nc6 Re8 27. Rxe8+ Qxe8
28. Kh2 Qe1 29. Nd4 Qd1 30. Bxc7 Qxa4 31. Bb6 Bf8 32. Qb8 Qa3 33. Bc7 h6 34. b6
Kh7 35. b7 Qxc3 36. Qc8 Qxd4 37. Qxf8 Qb2 38. b8=Q Qxb8 39. Bxb8 Bg6 40. Qd8 a4
41. Bd6 h5 42. Qd7 Kg8 43. Qxa4 1-0

[Event "Challenge"]
[Site "http://www.queenalice.com/game.php?id=266620"]
[Date "2007.9.4"]
[Round "-"]
[White "llo_oll"]
[Black "CampbellMarcel"]
[Result "1-0"]
[WhiteElo "2212"]
[BlackElo "1644"]

1. e4 e6 2. d4 d5 3. Nc3 dxe4 4. Bb5+ c6 5. Bc4 Bb4 6. a3 Bxc3+ 7. bxc3 b5 8.
Bb3 h6 9. Bf4 g5 10. Bg3 h5 11. h4 g4 12. Ne2 Ne7 13. a4 bxa4 14. Be5 axb3 15.
Bxh8 b2 16. Ra2 Ng6 17. Bg7 Ba6 18. Rxb2 Bxe2 19. Qxe2 Qd5 20. O-O Nf4 21. Qe3
Qf5 22. Be5 Nd5 23. Qh6 Nd7 24. Qh8+ Nf8 25. Rfb1 Qxf2+ 26. Kxf2 e3+ 27. Ke1 1-0

[Event "Challenge"]
[Site "http://www.queenalice.com/game.php?id=266621"]
[Date "2007.9.4"]
[Round "-"]
[White "CampbellMarcel"]
[Black "llo_oll"]
[Result "0-1"]
[WhiteElo "1836"]
[BlackElo "2208"]

1. e4 Nf6 2. Nc3 d5 3. exd5 Nxd5 4. Nxd5 Qxd5 5. d4 e5 6. c3 Nc6 7. Be3 Be7 8.
Ne2 O-O 9. c4 Qa5+ 10. Nc3 exd4 11. Bxd4 Rd8 12. Qc2 Nxd4 13. Qxh7+ Kxh7 14.
Bd3+ Kg8 15. O-O Nf3+ 16. gxf3 Qg5+ 17. Kh1 Qf4 18. Be4 Bd6 0-1

[Event "AUTO-MASTER-263"]
[Site "http://www.queenalice.com/game.php?id=267463"]
[Date "2007.9.5"]
[Round "2"]
[White "ENDHER"]
[Black "llo_oll"]
[Result "1-0"]
[WhiteElo "2343"]
[BlackElo "2132"]

1. d4 Nf6 2. c4 c5 3. dxc5 e5 4. Be3 Nc6 5. a3 d5 6. cxd6 Bxd6 7. Nc3 O-O 8. Bg5
Be7 9. Qxd8 Rxd8 10. Nf3 Be6 11. e4 Bg4 12. Be2 Bxf3 13. gxf3 Nd4 14. Rd1 Rac8
15. f4 Ne6 16. Bxf6 Bxf6 17. fxe5 Rxd1+ 18. Kxd1 Bxe5 19. Nd5 Rd8 20. Kc2 Nd4+
21. Kd3 Nxe2 22. Kxe2 Bxb2 23. Rb1 Bxa3 24. Rxb7 Bc5 25. Rc7 Bb6 26. Rc6 Bd4 27.
c5 Kf8 28. Rc7 a6 29. c6 Bc5 30. f3 1-0

[Event "AUTO-MASTER-263"]
[Site "http://www.queenalice.com/game.php?id=267464"]
[Date "2007.9.5"]
[Round "2"]
[White "llo_oll"]
[Black "ENDHER"]
[Result "0-1"]
[WhiteElo "2126"]
[BlackElo "2349"]

1. Nf3 Nc6 2. e4 e5 3. Bb5 a6 4. Ba4 Be7 5. Nc3 Nf6 6. O-O b5 7. Bb3 O-O 8. d3
d6 9. a4 Na5 10. Ba2 b4 11. Nd5 Nxd5 12. Bxd5 c6 13. Ba2 Rb8 14. d4 Qc7 15. Re1
Bg4 16. h3 Bxf3 17. Qxf3 exd4 18. Bd2 Bf6 19. Qg3 Rfe8 20. Rad1 Be5 21. Qf3 Qd7
22. Bg5 Rec8 23. Qd3 h6 24. Bh4 c5 25. Qxa6 b3 26. cxb3 Nxb3 27. Rf1 g5 28. Bg3
Ra8 29. Qe2 Qxa4 30. Bb1 c4 31. Qh5 Qe8 32. Qxh6 Qe7 0-1

[Event "AUTO-MASTER-263"]
[Site "http://www.queenalice.com/game.php?id=267469"]
[Date "2007.9.5"]
[Round "2"]
[White "llo_oll"]
[Black "mariocarlos"]
[Result "1-0"]
[WhiteElo "2189"]
[BlackElo "2139"]

1. d4 d5 2. Nf3 Nf6 3. c4 dxc4 4. Nc3 c6 5. a4 Bg4 6. Ne5 Nbd7 7. Nxg4 Nxg4 8.
e4 Ngf6 9. Bxc4 e5 10. Qb3 Qe7 11. Qxb7 Rb8 12. Qxc6 exd4 13. Nd5 Qxe4+ 14. Kd1
Nxd5 15. Re1 Qxe1+ 16. Kxe1 Bb4+ 17. Kf1 Ne7 18. Qe4 O-O 19. Qxd4 Nc5 20. Qf4
Rbd8 21. Be3 Ng6 22. Bxf7+ Rxf7 23. Qxb4 Nd3 24. Qa5 Rfd7 25. Rd1 Nge5 26. Qb5
h6 27. f4 Ng4 28. Bxa7 Nxh2+ 29. Kg1 Ng4 30. Bb6 Rd5 31. Qb3 1-0

[Event "AUTO-MASTER-263"]
[Site "http://www.queenalice.com/game.php?id=267470"]
[Date "2007.9.5"]
[Round "2"]
[White "mariocarlos"]
[Black "llo_oll"]
[Result "0-1"]
[WhiteElo "2111"]
[BlackElo "2199"]

1. e4 c5 2. Nf3 Nc6 3. d4 cxd4 4. Nxd4 e6 5. Nc3 Qc7 6. Be3 a6 7. Be2 Nf6 8. Qd2
Bb4 9. f3 O-O 10. a3 Be7 11. O-O d5 12. exd5 exd5 13. Rad1 Rd8 14. Kh1 Be6 15.
Bf4 Bd6 16. Nxe6 fxe6 17. Bxd6 Qxd6 18. Ne4 Qe7 19. Ng3 e5 20. Nf5 Qe6 21. Qg5
g6 22. Ng3 Rf8 23. b3 Nd4 24. Bd3 Rae8 25. Ne4 Nh5 26. Nc5 Qc8 27. b4 Nf4 28.
Rfe1 Nde6 29. Nxe6 Rxe6 30. Rxe5 h6 31. Qxh6 Rxe5 32. Bxg6 Re7 0-1

[Event "AUTO-MASTER-263"]
[Site "http://www.queenalice.com/game.php?id=267471"]
[Date "2007.9.5"]
[Round "2"]
[White "llo_oll"]
[Black "OrlandoRochaFilho"]
[Result "1-0"]
[WhiteElo "2213"]
[BlackElo "1983"]

1. e4 c5 2. Nf3 d6 3. d4 cxd4 4. Nxd4 Nf6 5. Nc3 a6 6. Be2 e5 7. Nb3 Be7 8. O-O
O-O 9. Be3 Be6 10. Nd5 Nxd5 11. exd5 Bf5 12. Qd2 Nd7 13. f4 f6 14. Bd3 Bxd3 15.
Qxd3 Rc8 16. f5 Qe8 17. a4 Bd8 18. a5 Bc7 19. Nd2 Nc5 20. Bxc5 dxc5 21. c4 Bd6
22. Ne4 Rd8 23. Ra3 Qh5 24. Rb3 Rf7 25. Qc2 Rdd7 26. Qf2 Qh6 27. Rh3 Qxh3 28.
gxh3 1-0

[Event "AUTO-MASTER-263"]
[Site "http://www.queenalice.com/game.php?id=267472"]
[Date "2007.9.5"]
[Round "2"]
[White "OrlandoRochaFilho"]
[Black "llo_oll"]
[Result "0-1"]
[WhiteElo "1926"]
[BlackElo "2214"]

1. b3 e5 2. Bb2 Nc6 3. e3 d6 4. Nf3 e4 5. Nd4 Nxd4 6. Bxd4 Nf6 7. Be2 Be7 8. d3
O-O 9. O-O c5 10. Bb2 d5 11. Nd2 Qc7 12. h3 Rd8 13. Qc1 Bf5 14. Rd1 Rac8 15.
dxe4 dxe4 16. c4 Re8 17. Nf1 Bg6 18. Ng3 Bd6 19. Nf1 Rcd8 20. Bxf6 gxf6 21. Rd5
Be5 22. Rb1 Bf5 23. Rxd8 Rxd8 24. Qc2 Bg6 25. Nd2 f5 26. f4 exf3 27. Bxf3 f4 28.
e4 Qa5 29. Rd1 Qc3 30. Qxc3 Bxc3 31. Nb1 Rxd1+ 32. Bxd1 Bd4+ 33. Kf1 Bxe4 34.
Nd2 Bg6 35. Nf3 Bc3 36. Ke2 Kf8 37. Nd2 Bxd2 38. Kxd2 Be4 39. Bf3 Bxf3 40. gxf3
Kg7 41. Ke2 Kf6 42. Kd3 Kg5 43. Ke4 Kh4 44. Kxf4 h5 45. Kf5 Kxh3 46. Ke5 h4 47.
f4 Kg4 48. f5 h3 0-1

[Event "AUTO-OPEN-502"]
[Site "http://www.queenalice.com/game.php?id=292660"]
[Date "2007.10.25"]
[Round "2"]
[White "robelix"]
[Black "llo_oll"]
[Result "1-0"]
[WhiteElo "2080"]
[BlackElo "2121"]

1. d4 Nf6 2. c4 e6 3. Nc3 Bb4 4. Qc2 O-O 5. a3 Bxc3+ 6. Qxc3 b6 7. Bg5 Bb7 8. f3
h6 9. Bh4 d5 10. e3 Nbd7 11. cxd5 exd5 12. Bd3 c5 13. Ne2 Rc8 14. Qd2 Ne4 15.
Bxd8 Nxd2 16. Bh4 Nc4 17. Bf5 Bc6 18. e4 Ne3 19. Kf2 1-0

[Event "AUTO-OPEN-502"]
[Site "http://www.queenalice.com/game.php?id=292661"]
[Date "2007.10.25"]
[Round "2"]
[White "llo_oll"]
[Black "robelix"]
[Result "0-1"]
[WhiteElo "2108"]
[BlackElo "2098"]

1. c4 f5 2. d4 Nf6 3. g3 e6 4. Bg2 Be7 5. Nf3 d6 6. O-O O-O 7. Nc3 Ne4 8. Qc2
Nxc3 9. Qxc3 a5 10. Be3 Nc6 11. Rfd1 Bf6 12. Rac1 Bd7 13. b3 Qe8 14. Qd2 Ne7 15.
Ne5 Bxe5 16. dxe5 Bc6 0-1